Μελέτη χαρτογραφικής οπτικοποίησης κλιματικών δεδομένων του Ελλαδικού χώρου για άτομα με δυσχρωματοψία : αξιολόγηση υφιστάμενων απεικονίσεων του γεωκλίματος και προτάσεις νέων χαρτογραφικών οπτικοποιήσεων : πτυχιακή εργασία
Θέμα της διπλωματικής εργασίας αποτελεί η διερεύνηση χαρτογραφικών οπτικοποιήσεων κλιματικών παραμέτρων φιλικών προς άτομα με δυσχρωματοψία. Πιο συγκεκριμένα, μελετήθηκαν οι απαιτήσεις και οι ιδιαιτερότητες των χαρτογραφικών απεικονίσεων οι οποίες παρουσιάζονται για άτομα με δυσχρωματοψία. Επιπρόσθε...
Αποθηκεύτηκε σε:
| Κύριος συγγραφέας: | |
|---|---|
| Συγγραφή απο Οργανισμό/Αρχή: | |
| Μορφή: | Thesis Βιβλίο |
| Γλώσσα: | Greek |
| Δημοσίευση: |
2015.
|
| Θέματα: | |
| Διαθέσιμο Online: | http://hdl.handle.net/11610/6222 |
| Ετικέτες: |
Προσθήκη ετικέτας
Δεν υπάρχουν, Καταχωρήστε ετικέτα πρώτοι!
|
MARC
| LEADER | 00000cam a2200000 a 4500 | ||
|---|---|---|---|
| 001 | 1/110530 | ||
| 008 | 160408s2015####gr b ||| |||| ||gre|| | ||
| 040 | |a GR-MyUa |b gre |c GR-MyUa |e AACR2 | ||
| 041 | 0 | |a gre | |
| 082 | 7 | |a 551.6 |2 (23) | |
| 100 | 1 | |a Αντωνοπούλου, Κωνσταντίνα Ελένη. | |
| 245 | 1 | 0 | |a Μελέτη χαρτογραφικής οπτικοποίησης κλιματικών δεδομένων του Ελλαδικού χώρου για άτομα με δυσχρωματοψία : |b αξιολόγηση υφιστάμενων απεικονίσεων του γεωκλίματος και προτάσεις νέων χαρτογραφικών οπτικοποιήσεων : πτυχιακή εργασία / |c Αντωνοπούλου Κωνσταντίνα Ελένη ; επιβλέπων: Σουλακέλλης Νικόλαος. |
| 260 | |c 2015. | ||
| 300 | |a 92 σ. : |b χάρτες ; |c 30 εκ. | ||
| 500 | |a Μέλη: Βαίτης Μιχάλης, Κυριακίδης Φαίδων. | ||
| 502 | |a Πτυχιακή εργασία – Πανεπιστήμιο Αιγαίου, Λέσβος, 2015. | ||
| 504 | |a Περιλαμβάνει βιβλιογραφία. | ||
| 506 | 0 | |a Ηλεκτρονική διάθεση στο πλήρες κείμενο - ελεύθερης πρόσβασης. | |
| 520 | 8 | |a Θέμα της διπλωματικής εργασίας αποτελεί η διερεύνηση χαρτογραφικών οπτικοποιήσεων κλιματικών παραμέτρων φιλικών προς άτομα με δυσχρωματοψία. Πιο συγκεκριμένα, μελετήθηκαν οι απαιτήσεις και οι ιδιαιτερότητες των χαρτογραφικών απεικονίσεων οι οποίες παρουσιάζονται για άτομα με δυσχρωματοψία. Επιπρόσθετα πραγματοποιήθηκε μια προσπάθεια δημιουργίας χαρτών ειδικά προσαρμοσμένων για την ειδική αυτή ομάδα χρηστών, ακολουθώντας τις βασικές και θεμελιώδεις αρχές του χαρτογραφικού σχεδιασμού σε συνδυασμό με τις απαιτήσεις του κοινού στο οποίο απευθύνονται. | |
| 650 | 0 | |a Meteorology |x Audio-visual aids. | |
| 650 | 0 | |a Maps for people with visual disabilities. | |
| 650 | 0 | |a People with visual disabilities. | |
| 700 | 1 | |a Σουλακέλλης, Νικόλαος, |e dgs | |
| 710 | 2 | |a Πανεπιστήμιο Αιγαίου. |b Σχολή Κοινωνικών Επιστημών. |b Τμήμα Γεωγραφίας. | |
| 852 | |a INST |b LESVOS |c DIATR |e 20160408 |h 950 |p 005100057495 |q 005100057495 |t DIE |y 23 | ||
| 856 | |u http://hdl.handle.net/11610/6222 | ||
| 924 | |a Αντωνοπούλου |b Κωνσταντίνα Ελένη |y Λέσβος |z 2015-11 | ||
| 970 | |a Τζαφέρη |b Ευαγγελία |z 08-04-2016 | ||